Kluby Championship w sezonie 21/22 - Statystyki

Ogólne statystyki
  • Ten quiz został rozwiązany 37 razy
  • Średni wynik to 15 z 24
Statystyki odpowiedzi
Klub % Poprawnych
Derby
91%
Fulham
88%
Swansea
79%
Nottingham Forest
76%
Sheffield United
76%
Hull
74%
Cardiff
71%
Luton
71%
Barnsley
68%
Birmingham
68%
West Brom
68%
Blackburn
65%
Bournemouth
65%
QPR
65%
Huddersfield
62%
Coventry
59%
Millwall
59%
Reading
59%
Stoke
53%
Bristol City
50%
Blackpool
44%
Middlesbrough
44%
Peterborough
41%
Preston
35%
Nie znaleziono quizów pasujących do podanych kryteriów
Rozkład punktacji
Procent ludzi z każdym wynikiem
Percentyl według liczby udzielonych odpowiedzi
Twoja historia wyników
Nie rozwiązałeś tego quizu